000 00498nam a2200157 a 4500
001 000039640
005 20201002033643.0
008 130712s2004 ag a 000 c spa d
020 _a9879065093
100 1 _aZane Mairowitz, David
_965825
245 1 0 _aKafka para principiantes. /
_cDavid Zane Mairowitz; ilustraciones, Robert Crumb.
260 _aBuenos Aires, Argentina :
_bEra naciente,
_c2004.
300 _a175 p. :
_bil. ;
_c20 cm.
700 1 _aCrumb, Robert
_eil.
_965826
999 _c39130
_d39130
040 _aDO-SdBNP